|
|
|
|
| LEADER |
02643nam a22005655i 4500 |
| 001 |
978-3-642-27392-6 |
| 003 |
DE-He213 |
| 005 |
20151029231304.0 |
| 007 |
cr nn 008mamaa |
| 008 |
120114s2012 gw | s |||| 0|eng d |
| 020 |
|
|
|a 9783642273926
|9 978-3-642-27392-6
|
| 024 |
7 |
|
|a 10.1007/978-3-642-27392-6
|2 doi
|
| 040 |
|
|
|d GrThAP
|
| 050 |
|
4 |
|a QA76.76.A65
|
| 072 |
|
7 |
|a UNH
|2 bicssc
|
| 072 |
|
7 |
|a UDBD
|2 bicssc
|
| 072 |
|
7 |
|a COM032000
|2 bisacsh
|
| 082 |
0 |
4 |
|a 005.7
|2 23
|
| 245 |
1 |
0 |
|a Resource Discovery
|h [electronic resource] :
|b Third International Workshop, RED 2010, Paris, France, November 5, 2010, Revised Selected Papers /
|c edited by Zoé Lacroix, María Esther Vidal.
|
| 264 |
|
1 |
|a Berlin, Heidelberg :
|b Springer Berlin Heidelberg,
|c 2012.
|
| 300 |
|
|
|a VIII, 191 p.
|b online resource.
|
| 336 |
|
|
|a text
|b txt
|2 rdacontent
|
| 337 |
|
|
|a computer
|b c
|2 rdamedia
|
| 338 |
|
|
|a online resource
|b cr
|2 rdacarrier
|
| 347 |
|
|
|a text file
|b PDF
|2 rda
|
| 490 |
1 |
|
|a Lecture Notes in Computer Science,
|x 0302-9743 ;
|v 6799
|
| 520 |
|
|
|a This book constitutes the thoroughly refereed post-conference proceedings of the Third International Workshop on Resource Discovery, RED 2010, held in Paris, France, in November 2010. The 13 revised full papers - from 24 initial submissions - were carefully selected during a second round of reviewing and improvement from the lectures given at the workshop and are presented in extended version in the book. They deal with the following topics: resource discovery for composition; bioinformatics resource discovery; textual resource discovery; and Web service discovery.
|
| 650 |
|
0 |
|a Computer science.
|
| 650 |
|
0 |
|a Computer communication systems.
|
| 650 |
|
0 |
|a Software engineering.
|
| 650 |
|
0 |
|a Database management.
|
| 650 |
|
0 |
|a Information storage and retrieval.
|
| 650 |
|
0 |
|a Electrical engineering.
|
| 650 |
1 |
4 |
|a Computer Science.
|
| 650 |
2 |
4 |
|a Information Systems Applications (incl. Internet).
|
| 650 |
2 |
4 |
|a Information Storage and Retrieval.
|
| 650 |
2 |
4 |
|a Computer Communication Networks.
|
| 650 |
2 |
4 |
|a Database Management.
|
| 650 |
2 |
4 |
|a Software Engineering.
|
| 650 |
2 |
4 |
|a Communications Engineering, Networks.
|
| 700 |
1 |
|
|a Lacroix, Zoé.
|e editor.
|
| 700 |
1 |
|
|a Vidal, María Esther.
|e editor.
|
| 710 |
2 |
|
|a SpringerLink (Online service)
|
| 773 |
0 |
|
|t Springer eBooks
|
| 776 |
0 |
8 |
|i Printed edition:
|z 9783642273919
|
| 830 |
|
0 |
|a Lecture Notes in Computer Science,
|x 0302-9743 ;
|v 6799
|
| 856 |
4 |
0 |
|u http://dx.doi.org/10.1007/978-3-642-27392-6
|z Full Text via HEAL-Link
|
| 912 |
|
|
|a ZDB-2-SCS
|
| 912 |
|
|
|a ZDB-2-LNC
|
| 950 |
|
|
|a Computer Science (Springer-11645)
|